000 00269nam a22001217a 4500
008 190306b xxu||||| |||| 00| 0 eng d
041 _aeng
080 _a611.085
100 _a9
101 _aHISTOLOGJI
245 _aA Textbook of Historlogy
_cBloom
942 _2udc
_cBK
999 _c54615
_d54615